|
|
|
|
| LEADER |
00625nam a2200169 a 4500 |
| 001 |
GR-Patra6049 |
| 008 |
991022s gr 000 0 gre d |
| 040 |
|
|
|a GrPaTEI
|b gre
|c GR-PaULI
|
| 245 |
0 |
2 |
|a Η τεχνική των ξύλινων κατασκευών.
|
| 250 |
|
|
|a τελευταία εκδ.
|
| 260 |
|
|
|a Αθήνα :
|b Τρίτων
|
| 700 |
1 |
|
|a Sobon, Jack
|
| 710 |
0 |
|
|a Τρίτων
|
| 942 |
|
|
|2 ddc
|
| 952 |
|
|
|0 0
|1 0
|2 ddc
|4 0
|7 0
|9 287149
|a LISK
|b LISK
|c BSC
|d 2021-01-17
|e 24
|f 0
|g 0.00
|l 0
|p 92410030079
|r 2021-01-17 00:00:00
|t 1
|w 2021-01-17
|y BK15
|x 20061030 0 1
|x GrPaTEI
|
| 971 |
|
|
|a .b26535609
|b 16-04-20
|c 23-09-16
|
| 999 |
|
|
|c 167504
|d 167504
|